000 00776nam a2200241Ia 4500
003 OSt
005 20220927110533.0
006 a|||||r|||| 00| 0
007 ta
008 220926b |||||||| |||| 00| 0 eng d
024 _a108564
037 _cReports
040 _aRTL
_cRTL
_beng
041 _2eng
_aeng
082 _a"X9(KZ332):545p2,N64, K4"
110 _a"India Institute of Foreign Trade, Seminar of Marine Products Exports (Ernakulam) (1964)"
_9378906
245 0 _aConclusions and recommendations
260 _c1964
650 _aAnimal Husbandary
700 _a"India Institute of Foreign Trade, Seminar of Marine Products Exports (Ernakulam) (1964)"
_9378907
942 _h"X9(KZ332):545p2,N64, K4"
_cCC
999 _c697091
_d697091